000 00303nam a22001337a 4500
999 _c13726
_d13726
020 _a9781137609175
082 _a174.4
100 _aMele, Domenec
245 _aBusiness Ethics In Action
250 _aSecond Edition
260 _aUK
_bRED GLOBE PRESS
_c2020
300 _axxiv, 400 pages
942 _cBK